Lập trình Visual Basic 6.0 cơ bản

Nội dung giới thiệu về quá trình ra đời và phát triển Visual basic, trình bày cách thiết kế và thực hiện một chương trình đơn giản trong Visual basic, trình bày các thuộc tính chung nhất của các đối tượng của Visual basic, nghiên cứu các kiểu...

全面介绍

Đã lưu trong:
书目详细资料
主要作者: Đặng, Quế Vinh
格式: 图书
语言:Undetermined
出版: Hà Nội Khoa học kỹ thuật 2005
主题:
标签: 添加标签
没有标签, 成为第一个标记此记录!
Thư viện lưu trữ: Trung tâm Học liệu Trường Đại học Cần Thơ
LEADER 01172nam a2200205Ia 4500
001 CTU_94501
008 210402s9999 xx 000 0 und d
020 |c 36000 
082 |a 005.15 
082 |b V312 
100 |a Đặng, Quế Vinh 
245 0 |a Lập trình Visual Basic 6.0 cơ bản 
245 0 |c Đặng Quế Vinh 
260 |a Hà Nội 
260 |b Khoa học kỹ thuật 
260 |c 2005 
520 |a Nội dung giới thiệu về quá trình ra đời và phát triển Visual basic, trình bày cách thiết kế và thực hiện một chương trình đơn giản trong Visual basic, trình bày các thuộc tính chung nhất của các đối tượng của Visual basic, nghiên cứu các kiểu dữ liệu trong Visual basic... 
650 |a Visual basic (Computer programs),Internet (Computer network),Programming (Electronic computes),Visual basic ( chương trình máy tính,Internet ( hệ thống máy tính ),Chương trình ( máy tính điện tử ) 
904 |i Trúc 
980 |a Trung tâm Học liệu Trường Đại học Cần Thơ